| 000 | 01041cam a22002651i 4500 | ||
|---|---|---|---|
| 003 | SA-RiAUC | ||
| 005 | 20250111115425.0 | ||
| 008 | 250108s1997 ba g 00000 ara c | ||
| 040 |
_aSA-MaUQU _bara _cSA-RiAUC _erda |
||
| 043 | _aa-su--- | ||
| 082 | 0 | 4 |
_a417.953121 _qSA-RiAUC |
| 090 |
_a417.953121 _bن ت و |
||
| 100 | 1 |
_aنتو، إبراهيم عباس بن بكر _eمؤلف. |
|
| 245 | 1 | 0 |
_aمكة المكرمة : _bمفردات تراثية في اللهجة المكية / _cإبراهيم عباس بن بكر نتو. |
| 250 | _aالطبعة الأولى. | ||
| 264 | 1 |
_aالمنامة : _bإبراهيم عباس بن بكر نتو، _c1997 |
|
| 300 |
_a172 صفحة ؛ _c24 سم |
||
| 336 |
_aنص _btxt _2rdacontent _3كتاب |
||
| 337 |
_aبدون وسيط _bn _2rdamedia |
||
| 338 |
_aمجلد _bnc _2rdacarrier |
||
| 650 | 7 |
_aاللغة العربية _xلهجات _zمكة المكرمة _2aucsh |
|
| 650 | 7 |
_aاللهجة السعودية _2aucsh |
|
| 942 |
_2ddc _cBOOK _n0 |
||
| 949 |
_aSA-JeALM _d250108 _umohamedma123 _n1 |
||
| 999 |
_c4592 _d4592 |
||